000 00558nam a2200181 i 4500
001 77588
003 ES-MaACL
005 20230906173303.0
007 t|
008 041022s1896 fr ||||1| fre d
100 1 _aLepage, Auguste.
_971711
245 1 0 _aMédéric Urfroy /
_cpar Auguste Lepage ; illustrations de Parys.
260 _aParis :
_bMonde Illustré,
_c[1896]
300 _a8 p. :
_bil. ;
_c30 cm.
500 _aSuplemento de "Monde Illustré", número 2060 (19 septiembre 1896)
700 1 _aParys, A.
_9170554
852 _aES-MaACL
_jT-779-F-7
999 _c77588
_d77588